000 01008nam a2200265 4500
001 75931
003 BD-RjUL
005 20211209082750.0
008 190917r19701969 ||||| |||| 00| 0 eng d
035 _a(BD-RjUL)76150
040 _aBD-RjUL
_beng
_cBD-RjUL
041 _aeng
082 _223
_a305.896073
_bCAR 1970
100 1 _aCampbell, Angus
_9232999
245 _aRacial Attitudes in Fifteen American Cities /
_cby Angus Campbell, Howard Schuman
260 _aMichigan:
_bUniversity of Michigan, Institute for Social Research, Survey Research Center,
_c1969 [Printing 1970]
300 _a67 p. :
_bIll. ;
_c27 cm
500 _a" A Survey Research Center Study"
500 _aOn cover: "A report prepared for the National Advisory Commission on Civil Disorders"
650 _aEthnic attitudes
_9233003
651 _aUnited States
_xRace relations
_xStatistics.
_9233000
651 _aAfrican Americans
_xStatistics
_9233001
700 _aSchuman, Howard, jt. auth.
_9233005
942 _2ddc
_cRAR
999 _c75931
_d75931